Groups of Things - US History #5 - Statistics

General Stats
  • This quiz has been taken 171 times
  • The average score is 23 of 36
Answer Stats
Hint Answer % Correct
Colonial colleges Harvard University
94%
Cities where presidents were assassinated Dallas
90%
Presidents who won the Nobel Peace Prize Barack Obama
88%
Presidents named William Bill Clinton
87%
Cities where presidents were assassinated Washington, D.C.
87%
Colonial colleges Yale University
87%
Six flags over Texas Republic of Texas
82%
Six flags over Texas United States
78%
Six flags over Texas Mexico
77%
Presidents who won the Nobel Peace Prize Theodore Roosevelt
77%
Colonial colleges Princeton University
75%
Six flags over Texas Spain
75%
Presidents named William William Howard Taft
71%
Slave states that didn't secede Kentucky
70%
Six flags over Texas France
68%
Colonial colleges Brown University
66%
Presidents named William William Henry Harrison
66%
Federalist Papers authors James Madison
64%
Presidents who won the Nobel Peace Prize Jimmy Carter
64%
Slave states that didn't secede Missouri
64%
Federalist Papers authors Alexander Hamilton
63%
Marilyn Monroe's husbands Joe DiMaggio
61%
Presidents named William William McKinley
61%
Slave states that didn't secede Maryland
60%
Colonial colleges Columbia University
58%
Six flags over Texas Confederate States
55%
Slave states that didn't secede Delaware
54%
Colonial colleges Dartmouth College
51%
Colonial colleges University of Pennsylvania
51%
Presidents who won the Nobel Peace Prize Woodrow Wilson
49%
Colonial colleges College of William & Mary
43%
Cities where presidents were assassinated Buffalo
40%
Federalist Papers authors John Jay
38%
Marilyn Monroe's husbands Arthur Miller
36%
Colonial colleges Rutgers University
21%
Marilyn Monroe's husbands James Dougherty
5%
No matching quizzes found
Score Distribution
Percent of People with Each Score
Percentile by Number Answered
Your Score History
You have not taken this quiz